000 00780cab a2200277 4500
001 WB2907-78
008 090401t1993 xxu||||| |||| 00| 0 eng d
035 _a(Sirsi) u54860
041 _aeng
245 _aClinton`s economic plan
260 _c1993
300 _aLOAN
350 _a0
490 _aFinancial Times
_v19 February 1993, 4-5(2)
520 _aOutlines the content of Clinton`s economic plan including measures such as the introduction of an energy tax, and tax increases.
650 _aCARBON TAX
650 _aECONOMIC POLICY
650 _aENERGY POLICY
650 _aENERGY TAX
650 _aEUROPEAN COMMUNITY
650 _aPRESIDENT CLINTON
650 _aUNITED STATES
690 _aECONOMIC AND SOCIAL
942 _n0
948 _c04/03/1997
999 _c33614
_d33614